The skills of helping individuals, families, groups and communities / (Record no. 11594)
[ view plain ]
| 000 -LEADER | |
|---|---|
| fixed length control field | 01324cam a2200325 a 4500 |
| 001 - CONTROL NUMBER | |
| control field | 1656749 |
| 003 - CONTROL NUMBER IDENTIFIER | |
| control field | OSt |
| 005 - DATE AND TIME OF LATEST TRANSACTION | |
| control field | 20211011161645.0 |
| 008 - FIXED-LENGTH DATA ELEMENTS--GENERAL INFORMATION | |
| fixed length control field | 981209s1999 ilua b 001 0 eng |
| 010 ## - LIBRARY OF CONGRESS CONTROL NUMBER | |
| LC control number | 97076284 |
| 020 ## - INTERNATIONAL STANDARD BOOK NUMBER | |
| International Standard Book Number | 087581414X |
| 040 ## - CATALOGING SOURCE | |
| Original cataloging agency | DLC |
| Transcribing agency | HU |
| Modifying agency | DLC |
| 050 00 - LIBRARY OF CONGRESS CALL NUMBER | |
| Classification number | HV11 |
| Item number | .S493 1999 |
| 082 00 - DEWEY DECIMAL CLASSIFICATION NUMBER | |
| Classification number | 361.3 |
| Edition number | 21 |
| 100 1# - MAIN ENTRY--PERSONAL NAME | |
| Personal name | Shulman, Lawrence. |
| 9 (RLIN) | 12535 |
| 245 14 - TITLE STATEMENT | |
| Title | The skills of helping individuals, families, groups and communities / |
| Statement of responsibility, etc. | Lawrence Shulman. |
| 250 ## - EDITION STATEMENT | |
| Edition statement | 4th ed. |
| 260 ## - PUBLICATION, DISTRIBUTION, ETC. | |
| Place of publication, distribution, etc. | Itasca, Ill. : |
| Name of publisher, distributor, etc. | F.E. Peacock, |
| Date of publication, distribution, etc. | c1999. |
| 300 ## - PHYSICAL DESCRIPTION | |
| Extent | xxiii, 884 p. : |
| Other physical details | ill. ; |
| Dimensions | 25 cm. |
| 500 ## - GENERAL NOTE | |
| General note | Rev. ed. of: The skills of helping. c1992. |
| 504 ## - BIBLIOGRAPHY, ETC. NOTE | |
| Bibliography, etc. note | Includes bibliographical references (p. 845-854) and indexes. |
| 650 #0 - SUBJECT ADDED ENTRY--TOPICAL TERM | |
| Topical term or geographic name entry element | Social work education. |
| 9 (RLIN) | 10779 |
| 700 1# - ADDED ENTRY--PERSONAL NAME | |
| Personal name | Shulman, Lawrence. |
| Title of a work | Skills of helping. |
| 9 (RLIN) | 12536 |
| 856 42 - ELECTRONIC LOCATION AND ACCESS | |
| Materials specified | Contributor biographical information |
| Uniform Resource Identifier | <a href="http://www.loc.gov/catdir/enhancements/fy1514/97076284-b.html">http://www.loc.gov/catdir/enhancements/fy1514/97076284-b.html</a> |
| 856 42 - ELECTRONIC LOCATION AND ACCESS | |
| Materials specified | Publisher description |
| Uniform Resource Identifier | <a href="http://www.loc.gov/catdir/enhancements/fy1514/97076284-d.html">http://www.loc.gov/catdir/enhancements/fy1514/97076284-d.html</a> |
| 856 41 - ELECTRONIC LOCATION AND ACCESS | |
| Materials specified | Table of contents only |
| Uniform Resource Identifier | <a href="http://www.loc.gov/catdir/enhancements/fy1514/97076284-t.html">http://www.loc.gov/catdir/enhancements/fy1514/97076284-t.html</a> |
| 906 ## - LOCAL DATA ELEMENT F, LDF (RLIN) | |
| a | 7 |
| b | cbc |
| c | orignew |
| d | 2 |
| e | opcn |
| f | 19 |
| g | y-gencatlg |
| 942 ## - ADDED ENTRY ELEMENTS (KOHA) | |
| Source of classification or shelving scheme | Dewey Decimal Classification |
| Koha item type | Books like text book referance book |
| Suppress in OPAC | No |
| Withdrawn status | Lost status | Source of classification or shelving scheme | Damaged status | Not for loan | Home library | Current library | Shelving location | Date acquired | Total Checkouts | Full call number | Barcode | Date last seen | Copy number | Price effective from | Koha item type |
|---|---|---|---|---|---|---|---|---|---|---|---|---|---|---|---|
| Dewey Decimal Classification | Social Library | Social Library | General Stacks | 10/11/2021 | 301SHU | SHLIB 00001442 | 10/11/2021 | 1 | 10/11/2021 | Books like text book referance book | |||||
| Dewey Decimal Classification | Social Library | Social Library | General Stacks | 10/11/2021 | 301/SHU | SHLIB 00001443 | 10/11/2021 | 2 | 10/11/2021 | Books like text book referance book |